000 00627cam a2200205 4500500
005 20260405001739.0
041 _afre
042 _adc
100 1 0 _aTenaillon, Nicolas
_eauthor
245 0 0 _aLe Cinquième marteau. Pythagore et la dysharmonie du monde
260 _c2014.
500 _a8
690 _aCosmos
690 _aDaniel Heller-Roazen
690 _aHarmonie
690 _aNumérique
690 _aPythagore
786 0 _nPhilosophie magazine | 79 | 5 | 2014-05-01 | p. 79-79 | 1951-1787
856 4 1 _uhttps://shs.cairn.info/magazine-philosophie-magazine-2014-5-page-79?lang=fr&redirect-ssocas=7080
999 _c2050634
_d2050634